Cut by cut : editing your film or video / (Record no. 1596)
| 000 -LEADER | |
|---|---|
| fixed length control field | 00998cam a2200301 a 4500 |
| 001 - CONTROL NUMBER | |
| control field | 17140345 |
| 003 - CONTROL NUMBER IDENTIFIER | |
| control field | OSt |
| 005 - DATE AND TIME OF LATEST TRANSACTION | |
| control field | 20150409092045.0 |
| 008 - FIXED-LENGTH DATA ELEMENTS--GENERAL INFORMATION | |
| fixed length control field | 120130s2012 caua b 001 0 eng |
| 010 ## - LIBRARY OF CONGRESS CONTROL NUMBER | |
| LC control number | 2012003410 |
| 020 ## - INTERNATIONAL STANDARD BOOK NUMBER | |
| International Standard Book Number | 9781615930906 |
| 040 ## - CATALOGING SOURCE | |
| Original cataloging agency | DLC |
| Transcribing agency | DLC |
| Modifying agency | DLC |
| 042 ## - AUTHENTICATION CODE | |
| Authentication code | pcc |
| 050 00 - LIBRARY OF CONGRESS CALL NUMBER | |
| Classification number | TR899.C45 2012 |
| 082 00 - DEWEY DECIMAL CLASSIFICATION NUMBER | |
| Classification number | 777/.55 |
| Edition number | 23 |
| 100 1# - MAIN ENTRY--PERSONAL NAME | |
| Personal name | Chandler, Gael, |
| Dates associated with a name | 1951- |
| 245 10 - TITLE STATEMENT | |
| Title | Cut by cut : editing your film or video / |
| Statement of responsibility, etc | Gael Chandler. |
| 246 30 - VARYING FORM OF TITLE | |
| Title proper/short title | Editing your film or video |
| 250 ## - EDITION STATEMENT | |
| Edition statement | 2nd ed. |
| 260 ## - PUBLICATION, DISTRIBUTION, ETC. (IMPRINT) | |
| Place of publication, distribution, etc | Studio City, CA : |
| Name of publisher, distributor, etc | Michael Wiese Productions, |
| Date of publication, distribution, etc | c2012. |
| 300 ## - PHYSICAL DESCRIPTION | |
| Extent | xxiv, 477 p. : |
| Other physical details | ill. ; |
| Dimensions | 26 cm. |
| 504 ## - BIBLIOGRAPHY, ETC. NOTE | |
| Bibliography, etc | Includes bibliographical references (p. 463-468) and index. |
| 650 #0 - SUBJECT ADDED ENTRY--TOPICAL TERM | |
| Topical term or geographic name as entry element | Motion pictures |
| General subdivision | Editing. |
| 650 #0 - SUBJECT ADDED ENTRY--TOPICAL TERM | |
| Topical term or geographic name as entry element | Video tapes |
| General subdivision | Editing. |
| 906 ## - LOCAL DATA ELEMENT F, LDF (RLIN) | |
| a | 7 |
| b | cbc |
| c | orignew |
| d | 1 |
| e | ecip |
| f | 20 |
| g | y-gencatlg |
| 942 ## - ADDED ENTRY ELEMENTS (KOHA) | |
| Source of classification or shelving scheme | |
| Koha item type | Book |
| Withdrawn status | Lost status | Source of classification or shelving scheme | Damaged status | Not for loan | Home library | Current library | Shelving location | Date acquired | Total Checkouts | Full call number | Barcode | Date last seen | Copy number | Price effective from | Koha item type | Date checked out |
|---|---|---|---|---|---|---|---|---|---|---|---|---|---|---|---|---|
| Riara University Library | Riara University Library | General stack | 09/04/2015 | TR899.C45 2012 | 5466/15 | 09/04/2015 | C.1 | 09/04/2015 | Book | |||||||
| Riara University Library | Riara University Library | General stack | 09/04/2015 | TR899.C45 2012 | 5467/15 | 09/04/2015 | C.2 | 09/04/2015 | Book | |||||||
| Riara University Library | Riara University Library | General stack | 09/04/2015 | 1 | TR899.C45 2012 | 5468/15 | 19/07/2024 | C.3 | 09/04/2015 | Book | 10/07/2024 |
